| 000 | 00567nam a2200181 i 4500 | ||
|---|---|---|---|
| 001 | 140330 | ||
| 003 | ES-MaACL | ||
| 005 | 20230906200045.0 | ||
| 007 | t| | ||
| 008 | 070214s1947 sp r ||||1| spa d | ||
| 100 | 1 |
_aSegura Otaño, Enrique. _9105204 |
|
| 245 | 1 | 3 |
_aUn capítulo olvidado por Azorín / _cEnrique Segura. |
| 260 |
_aMadrid : _b[s. n.], _c1947. |
||
| 300 |
_a7 p. ; _c25 cm. |
||
| 500 | _aSeparata de: Cuadernos de Literatura, fasc. 2, abril 1947, p. 261-267. | ||
| 651 | 4 |
_aExtremadura- _xEn la literatura. _9164638 |
|
| 852 |
_aES-MaACL _j1866-F-20 |
||
| 999 |
_c140330 _d140330 |
||